[Event "CAN-op"]
[Site "Edmonton CAN"]
[Date "2000.07.13"]
[Round "7"]
[White "Martinson, Rick"]
[Black "Campbell, Jamie"]
[Result "1/2-1/2"]
[WhiteElo "1750"]
[BlackElo "1436"]
[PlyCount "81"]
[GameId "2160767911694848"]
[EventDate "2000.07.08"]
[EventType "swiss"]
[EventRounds "10"]
[EventCountry "CAN"]

1. d4 Nf6 2. c4 e5 3. d5 c6 4. Nc3 Bb4 5. a3 Bxc3+ 6. bxc3 cxd5 7. cxd5 Qa5 8. Qc2 Qxd5 9. Bb2 O-O 10. c4 Qc5 11. e3 b6 12. Be2 Bb7 13. Nf3 Bxf3 14. gxf3 Qe7 15. Qf5 Nc6 16. Rg1 Rae8 17. Bd3 Qe6 18. Qg5 g6 19. Rc1 Nh5 20. Qxh5 d5 21. cxd5 Qxd5 22. Bc4 Qa5+ 23. Ke2 b5 24. Bd3 Nd4+ 25. Bxd4 exd4 26. Qxb5 Qxa3 27. Ra1 Qc3 28. Rxa7 dxe3 29. Ra2 exf2+ 30. Kxf2 Qd4+ 31. Kg2 Re5 32. Qb1 Rg5+ 33. Kh1 Rxg1+ 34. Qxg1 Qxd3 35. Rf2 Re8 36. h3 Re3 37. Qg2 Re1+ 38. Kh2 Qd6+ 39. f4 f5 40. h4 Re4 41. Qg3 1/2-1/2

[Event "CAN-op"]
[Site "Edmonton CAN"]
[Date "2000.07.13"]
[Round "7"]
[White "McCusky, Louis"]
[Black "Watson, Michael"]
[Result "1-0"]
[WhiteElo "1558"]
[BlackElo "1241"]
[PlyCount "61"]
[GameId "2160767911694849"]
[EventDate "2000.07.08"]
[EventType "swiss"]
[EventRounds "10"]
[EventCountry "CAN"]

1. e4 e5 2. Nf3 Nc6 3. Bb5 a6 4. Ba4 Nf6 5. O-O b5 6. Bb3 Be7 7. Re1 d6 8. c3 O-O 9. h3 Nb8 10. Bc2 Nbd7 11. d4 Bb7 12. Nbd2 Re8 13. Nf1 Bf8 14. Ng3 g6 15. Bg5 h6 16. Bd2 Bg7 17. Qc1 Kh7 18. Nh2 d5 19. f4 exd4 20. e5 dxc3 21. bxc3 Ng8 22. Ng4 Nb6 23. Nh5 Nc4 24. Nxg7 Kxg7 25. f5 Nxd2 26. Qxd2 h5 27. f6+ Kh7 28. Nh2 Nh6 29. Nf3 Bc6 30. Ng5+ Kg8 31. Ne6 1-0

[Event "CAN-op"]
[Site "Edmonton CAN"]
[Date "2000.07.13"]
[Round "7"]
[White "McIntyre, John"]
[Black "Schmitz, Manuela"]
[Result "1/2-1/2"]
[WhiteElo "1992"]
[BlackElo "2121"]
[PlyCount "62"]
[GameId "2160767911694850"]
[EventDate "2000.07.08"]
[EventType "swiss"]
[EventRounds "10"]
[EventCountry "CAN"]

1. e4 e6 2. f4 d5 3. e5 c5 4. Nf3 Nc6 5. Bb5 Bd7 6. Bxc6 Bxc6 7. d3 Be7 8. O-O Nh6 9. c3 Nf5 10. Na3 h5 11. Nc2 Qc7 12. Ne3 g6 13. d4 Bb5 14. Rf2 Rc8 15. Nxf5 gxf5 16. Ng5 Bxg5 17. fxg5 b6 18. Rf3 cxd4 19. cxd4 Qc2 20. Qe1 Qa4 21. Be3 Bd3 22. b3 Qb5 23. Rc1 Kd7 24. Rxc8 Rxc8 25. Rf2 Rc2 26. Qd1 Re2 27. a4 Qa6 28. Bd2 Kd8 29. b4 Qc4 30. Rxe2 Bxe2 31. Qa1 Qd3 1/2-1/2

[Event "CAN-op"]
[Site "Edmonton CAN"]
[Date "2000.07.13"]
[Round "7"]
[White "McLaughlin, Robert"]
[Black "Bradbrooke, Wally"]
[Result "1-0"]
[WhiteElo "1288"]
[BlackElo "1233"]
[PlyCount "63"]
[GameId "2160767911694851"]
[EventDate "2000.07.08"]
[EventType "swiss"]
[EventRounds "10"]
[EventCountry "CAN"]

1. e4 e5 2. Nf3 Nc6 3. Bc4 Nf6 4. Ng5 d5 5. exd5 Nxd5 6. Nf3 Be6 7. d3 Bb4+ 8. Bd2 Bc5 9. a3 Qf6 10. O-O Qg6 11. Ng5 Nd4 12. Nxe6 Qxe6 13. c3 Nc6 14. Qb3 b6 15. Bxd5 Na5 16. Qa4+ c6 17. Bxe6 fxe6 18. Qg4 O-O 19. d4 Nb3 20. Qxe6+ Kh8 21. Qxb3 Be7 22. Be3 e4 23. Nd2 Rad8 24. Nxe4 c5 25. Bg5 Rd7 26. Bxe7 Rxe7 27. Rfe1 Rf4 28. Qd5 Rf8 29. Ng5 Rc7 30. Ne6 Rcf7 31. Nxf8 Rxf8 32. Re7 1-0

[Event "CAN-op"]
[Site "Edmonton CAN"]
[Date "2000.07.13"]
[Round "7"]
[White "Milne, Arthur"]
[Black "Pivovarov, Juraj"]
[Result "0-1"]
[WhiteElo "1929"]
[BlackElo "1677"]
[PlyCount "62"]
[GameId "2160767911694852"]
[EventDate "2000.07.08"]
[EventType "swiss"]
[EventRounds "10"]
[EventCountry "CAN"]

1. e4 e6 2. Nc3 d5 3. Nf3 c5 4. exd5 exd5 5. d4 Nf6 6. Be2 cxd4 7. Nxd4 a6 8. O-O Bd6 9. Bf3 O-O 10. Re1 Bb4 11. Bg5 Nc6 12. a3 Bxc3 13. bxc3 h6 14. Nxc6 bxc6 15. Be3 Bf5 16. Bc5 Re8 17. Qd2 Ne4 18. Bxe4 Bxe4 19. f3 Bf5 20. Rxe8+ Qxe8 21. Re1 Qb8 22. g4 Bg6 23. f4 Be4 24. c4 Qb2 25. cxd5 cxd5 26. Re2 Rc8 27. Bd4 Qb1+ 28. Re1 Qxc2 29. Rd1 Bf3 30. Qxc2 Rxc2 31. Bf2 Bxd1 0-1

[Event "CAN-op"]
[Site "Edmonton CAN"]
[Date "2000.07.13"]
[Round "7"]
[White "Neufahrt, Gerhard"]
[Black "Zubac, Marius"]
[Result "0-1"]
[WhiteElo "2131"]
[BlackElo "2308"]
[PlyCount "120"]
[GameId "2160767911694853"]
[EventDate "2000.07.08"]
[EventType "swiss"]
[EventRounds "10"]
[EventCountry "CAN"]

1. Nf3 d5 2. d4 e6 3. Bf4 f5 4. e3 Nf6 5. Nbd2 Be7 6. c4 c6 7. Rc1 O-O 8. h3 Ne4 9. a3 Nd7 10. Ne5 Ndf6 11. f3 Nxd2 12. Kxd2 c5 13. Kc2 Bd7 14. Kb1 dxc4 15. Bxc4 b5 16. Be2 c4 17. a4 a6 18. Bg5 Rb8 19. g4 c3 20. Rxc3 Nd5 21. Bxe7 Nxc3+ 22. bxc3 Qxe7 23. a5 b4 24. c4 b3 25. Kb2 Rb4 26. gxf5 Ra4 27. c5 Ra2+ 28. Kb1 Rxf5 29. Bc4 Rxe5 30. Qxb3 Rxe3 31. Qxe3 Ra4 32. Qb3 Kf7 33. f4 Qf6 34. Re1 Qxd4 35. Bxe6+ Kf6 36. Qb2 Rb4 37. Bb3 Bf5+ 38. Ka1 Qxb2+ 39. Kxb2 Rxf4 40. c6 Bxh3 41. c7 Rb4 42. Ka3 Rb7 43. Be6 Rxc7 44. Bxh3 Rc3+ 45. Kb4 Rxh3 46. Rb1 Rh5 47. Rc1 Rb5+ 48. Ka4 Re5 49. Rf1+ Ke7 50. Rh1 h5 51. Kb4 Rb5+ 52. Ka4 g6 53. Re1+ Kf6 54. Rf1+ Rf5 55. Rb1 Rf4+ 56. Ka3 Kg5 57. Rg1+ Kh6 58. Rb1 Rf6 59. Rb6 Kg7 60. Kb3 h4 0-1

[Event "CAN-op"]
[Site "Edmonton CAN"]
[Date "2000.07.13"]
[Round "7"]
[White "Neumann, Ralph"]
[Black "Bowerman, Robert"]
[Result "1-0"]
[WhiteElo "1707"]
[BlackElo "2116"]
[PlyCount "133"]
[GameId "2160767911694854"]
[EventDate "2000.07.08"]
[EventType "swiss"]
[EventRounds "10"]
[EventCountry "CAN"]

1. Nf3 Nf6 2. d4 e6 3. c4 c5 4. e3 b6 5. Nc3 Be7 6. Be2 O-O 7. O-O d6 8. Nd2 Bb7 9. f4 Nbd7 10. Bf3 Bxf3 11. Nxf3 cxd4 12. exd4 Qc7 13. b3 d5 14. Qd3 dxc4 15. bxc4 Rac8 16. Ne5 Rfd8 17. Nb5 Qb7 18. Ba3 Nxe5 19. fxe5 Ne8 20. Bxe7 Qxe7 21. Rac1 Rd7 22. Rf3 Rcd8 23. Rh3 h6 24. Rd1 a6 25. Nd6 Nxd6 26. exd6 Rxd6 27. Rh5 g6 28. Rxh6 Kg7 29. Qh3 Rg8 30. Rh7+ Kf8 31. Rh8 Qf6 32. Rh4 g5 33. Re4 Rh8 34. Qa3 Qe7 35. Qxa6 Kg7 36. Qa3 Qd7 37. Qe3 Kg6 38. Rg4 Qd8 39. Re4 Qd7 40. Re5 Qd8 41. Rb5 Rh4 42. d5 Qc7 43. Rd4 Rxd4 44. Qxd4 exd5 45. Rxd5 Re6 46. Qd3+ Kh6 47. Qh3+ Kg6 48. Qf5+ Kg7 49. Qxg5+ Rg6 50. Qe5+ Qxe5 51. Rxe5 Rg4 52. c5 bxc5 53. Rxc5 Rb4 54. Rc2 Rb1+ 55. Kf2 Ra1 56. Ke3 Kf6 57. Kd3 Ke5 58. Kc3 f5 59. Kb2 Rh1 60. h3 f4 61. a4 f3 62. gxf3 Rxh3 63. Rc3 Rh8 64. a5 Ra8 65. Ra3 Kf4 66. a6 Ra7 67. Kc2 1-0

[Event "CAN-op"]
[Site "Edmonton CAN"]
[Date "2000.07.13"]
[Round "7"]
[White "Newton, Geoff"]
[Black "Grumic, Sasha"]
[Result "1/2-1/2"]
[WhiteElo "2044"]
[BlackElo "2233"]
[PlyCount "66"]
[GameId "2160767911694855"]
[EventDate "2000.07.08"]
[EventType "swiss"]
[EventRounds "10"]
[EventCountry "CAN"]

1. e4 c5 2. Nf3 Nc6 3. d4 cxd4 4. Nxd4 g6 5. c4 Bg7 6. Be3 Nf6 7. Nc3 O-O 8. Be2 b6 9. O-O Bb7 10. f3 Rc8 11. Rc1 d6 12. Qd2 Nd7 13. Ncb5 a6 14. Nxc6 Bxc6 15. Na7 Rc7 16. Nxc6 Rxc6 17. b4 Qa8 18. f4 Rd8 19. Bf3 e5 20. f5 b5 21. Qf2 Rxc4 22. Rxc4 bxc4 23. fxg6 fxg6 24. Bg5 Re8 25. Bg4 Rf8 26. Qe2 Nf6 27. Bxf6 Qa7+ 28. Kh1 Bxf6 29. Be6+ Kg7 30. Bxc4 Qd4 31. Bxa6 Qxb4 32. Bc4 Rc8 33. Bd5 Re8 1/2-1/2

[Event "CAN-op"]
[Site "Edmonton CAN"]
[Date "2000.07.13"]
[Round "7"]
[White "Niksic, John"]
[Black "Dean, Tim"]
[Result "0-1"]
[WhiteElo "2075"]
[BlackElo "1853"]
[PlyCount "100"]
[GameId "2160767911694856"]
[EventDate "2000.07.08"]
[EventType "swiss"]
[EventRounds "10"]
[EventCountry "CAN"]

1. d4 Nf6 2. Nf3 d5 3. c4 dxc4 4. e3 e6 5. Bxc4 c5 6. O-O Be7 7. Nc3 O-O 8. Qe2 Nc6 9. Rd1 cxd4 10. exd4 Nb4 11. Ne5 Nbd5 12. Bg5 Nxc3 13. bxc3 Nd5 14. Bd2 Bg5 15. Bd3 Bxd2 16. Qxd2 b6 17. Be4 f6 18. c4 fxe5 19. cxd5 Qh4 20. f3 Bb7 21. dxe5 Rad8 22. Qd4 Bxd5 23. Bxd5 Qxd4+ 24. Rxd4 Rxd5 25. Rxd5 exd5 26. Rd1 Rc8 27. Rd2 Rc3 28. Kf2 Ra3 29. f4 Kf7 30. Ke1 Ke6 31. Kd1 b5 32. Kc1 b4 33. Kb2 a5 34. g3 Rc3 35. Rd4 h5 36. Rd2 h4 37. gxh4 Rf3 38. Rg2 Rxf4 39. Rxg7 Rxh4 40. Ra7 Rxh2+ 41. Kb1 Kxe5 42. Rxa5 Kd4 43. Rb5 Kc4 44. Rb8 d4 45. Rc8+ Kd3 46. Rb8 Ke2 47. Rxb4 d3 48. Rb8 Rh1+ 49. Kb2 d2 50. Re8+ Kf3 0-1

[Event "CAN-op"]
[Site "Edmonton CAN"]
[Date "2000.07.13"]
[Round "7"]
[White "Oliger, Mark"]
[Black "Gillanders, Robert"]
[Result "1/2-1/2"]
[WhiteElo "1891"]
[BlackElo "1871"]
[PlyCount "59"]
[GameId "2160767911694859"]
[EventDate "2000.07.08"]
[EventType "swiss"]
[EventRounds "10"]
[EventCountry "CAN"]

1. d4 Nf6 2. Nf3 d5 3. e3 Bf5 4. c4 c6 5. Nc3 e6 6. Be2 Bd6 7. O-O O-O 8. Nh4 Bg6 9. Nxg6 hxg6 10. Qc2 Nbd7 11. Rd1 dxc4 12. Bxc4 Nb6 13. Be2 a6 14. e4 Nh7 15. g3 Rc8 16. Be3 Nd7 17. e5 Bc7 18. b4 Nb6 19. Na4 Nd5 20. Rab1 Bb8 21. a3 Ba7 22. Rdc1 Re8 23. Qd3 Re7 24. Nc5 Bxc5 25. bxc5 Qe8 26. Rb3 f5 27. f4 Rd7 28. Kf2 Qe7 29. h4 Rcd8 30. Rcb1 1/2-1/2

[Event "CAN-op"]
[Site "Edmonton CAN"]
[Date "2000.07.13"]
[Round "7"]
[White "Osthoff, Dieter"]
[Black "Caron, Harvey"]
[Result "0-1"]
[WhiteElo "1610"]
[BlackElo "1736"]
[PlyCount "116"]
[GameId "2160767911694860"]
[EventDate "2000.07.08"]
[EventType "swiss"]
[EventRounds "10"]
[EventCountry "CAN"]

1. d4 Nf6 2. Nc3 d5 3. e4 dxe4 4. f3 exf3 5. Qxf3 e6 6. Be3 Bb4 7. Nge2 O-O 8. a3 Ba5 9. O-O-O Nd5 10. Nxd5 exd5 11. Bd2 Bxd2+ 12. Rxd2 Nc6 13. h3 f5 14. Nf4 Ne7 15. h4 c6 16. Be2 b5 17. Qg3 Qd6 18. Qf3 a5 19. Rd3 Bd7 20. Bd1 a4 21. c3 Rac8 22. Kb1 c5 23. g3 cxd4 24. Rxd4 Be6 25. Re1 Bf7 26. Be2 Qc6 27. Qd3 Rb8 28. Bf3 Rbe8 29. Qd2 Ng6 30. Nxd5 Rxe1+ 31. Qxe1 Qe6 32. Qxe6 Bxe6 33. Nc7 Bc4 34. Bd5+ Bxd5 35. Rxd5 f4 36. gxf4 Rxf4 37. h5 Nh4 38. Rxb5 Rf5 39. Rb4 Rxh5 40. Rxa4 g5 41. Rg4 Nf3 42. Ne6 Rh1+ 43. Ka2 h5 44. Rg3 g4 45. Nf4 Ne5 46. Re3 Nf3 47. a4 h4 48. Nd3 g3 49. Nf4 Rf1 50. Nh3 Ng1 51. Nxg1 Rxg1 52. Re4 h3 53. Rg4+ Kf7 54. Rf4+ Ke6 55. Rh4 h2 56. a5 h1=Q 57. Rxh1 Rxh1 58. a6 g2 0-1

[Event "CAN-op"]
[Site "Edmonton CAN"]
[Date "2000.07.13"]
[Round "7"]
[White "Ottosen, David"]
[Black "Kekely, John"]
[Result "1-0"]
[WhiteElo "2111"]
[BlackElo "1799"]
[PlyCount "51"]
[GameId "2160767911694861"]
[EventDate "2000.07.08"]
[EventType "swiss"]
[EventRounds "10"]
[EventCountry "CAN"]

1. e4 d5 2. exd5 Qxd5 3. Nc3 Qa5 4. b4 Qxb4 5. Rb1 Qd6 6. Bc4 Nf6 7. Nf3 c6 8. O-O Nbd7 9. d4 Nb6 10. Bb3 Bf5 11. Ne5 e6 12. Bf4 Qd8 13. a4 Bb4 14. Ne2 Nbd5 15. Bg5 Nc3 16. Nxc3 Bxc3 17. Qf3 Qxd4 18. Nxf7 Kxf7 19. Qxf5 Rhe8 20. Rfd1 g6 21. Qh3 Qe5 22. Bxf6 Kxf6 23. Rd3 Bd4 24. Qxh7 Qe4 25. Rf3+ Ke5 26. Qc7# 1-0

[Event "CAN-op"]
[Site "Edmonton CAN"]
[Date "2000.07.13"]
[Round "7"]
[White "Phimester, Alex"]
[Black "Miller, Brian"]
[Result "0-1"]
[WhiteElo "1479"]
[BlackElo "1854"]
[PlyCount "50"]
[GameId "2160767911694863"]
[EventDate "2000.07.08"]
[EventType "swiss"]
[EventRounds "10"]
[EventCountry "CAN"]

1. e4 c5 2. Nf3 Nc6 3. Bc4 g6 4. d4 cxd4 5. Nxd4 Bg7 6. Nxc6 bxc6 7. O-O e6 8. Re1 Ne7 9. e5 O-O 10. Nc3 f6 11. exf6 Bxf6 12. Bh6 Rf7 13. Rb1 d5 14. Na4 Nf5 15. Bxd5 cxd5 16. Bf4 Qa5 17. b3 Bd7 18. Bd2 Qc7 19. Nc3 Bxc3 20. Bxc3 Qxc3 21. Qd3 Qxd3 22. cxd3 Nd4 23. Rbc1 Rc8 24. g3 Rxc1 25. Rxc1 Ne2+ 0-1

[Event "CAN-op"]
[Site "Edmonton CAN"]
[Date "2000.07.13"]
[Round "7"]
[White "Porubszki, Georg"]
[Black "Hacatoglu, Kevork"]
[Result "0-1"]
[WhiteElo "2042"]
[BlackElo "2209"]
[PlyCount "64"]
[GameId "2160767911694864"]
[EventDate "2000.07.08"]
[EventType "swiss"]
[EventRounds "10"]
[EventCountry "CAN"]

1. Nf3 Nf6 2. b3 g6 3. Bb2 Bg7 4. e3 O-O 5. Be2 d6 6. O-O Nbd7 7. d3 e5 8. e4 Nh5 9. d4 Qe7 10. dxe5 Nxe5 11. Nxe5 Bxe5 12. Bxe5 Qxe5 13. Nd2 Nf4 14. Bf3 Re8 15. Nc4 Qg5 16. Ne3 Nh3+ 17. Kh1 Nxf2+ 18. Rxf2 Qxe3 19. Qf1 Be6 20. Re1 Qd4 21. c4 Qe5 22. g3 a5 23. Bd1 Qd4 24. Rf4 Qc5 25. a4 Re7 26. Rh4 Rae8 27. Qf4 g5 28. Qf6 gxh4 29. e5 Bf5 30. Qxf5 Rxe5 31. Qg4+ Kf8 32. Rg1 Re1 0-1

[Event "CAN-op"]
[Site "Edmonton CAN"]
[Date "2000.07.13"]
[Round "7"]
[White "Predescu, Sebastian"]
[Black "Odachowski, Arthur"]
[Result "0-1"]
[WhiteElo "2076"]
[BlackElo "2336"]
[PlyCount "58"]
[GameId "2160767911694865"]
[EventDate "2000.07.08"]
[EventType "swiss"]
[EventRounds "10"]
[EventCountry "CAN"]

1. d4 Nf6 2. Nf3 g6 3. Bf4 Bg7 4. e3 d6 5. Be2 O-O 6. h3 c5 7. c3 b6 8. O-O Bb7 9. Nbd2 Nbd7 10. a4 Qc7 11. a5 a6 12. axb6 Nxb6 13. Nb3 cxd4 14. exd4 a5 15. Bh2 a4 16. Nc5 Bc6 17. Nd3 Bd5 18. Nb4 Bb3 19. Qc1 Nfd5 20. Nxd5 Bxd5 21. Bf4 Rfc8 22. Ra3 Nc4 23. Bxc4 Qxc4 24. Bh6 Bxh6 25. Qxh6 Bxf3 26. gxf3 Qe2 27. Qc1 Qxf3 28. Qc2 Ra5 29. Kh2 Rh5 0-1

[Event "CAN-op"]
[Site "Edmonton CAN"]
[Date "2000.07.13"]
[Round "7"]
[White "Robertson, Trevor"]
[Black "Steinke, Wally"]
[Result "1-0"]
[WhiteElo "1266"]
[BlackElo "1731"]
[PlyCount "57"]
[GameId "2160767911694866"]
[EventDate "2000.07.08"]
[EventType "swiss"]
[EventRounds "10"]
[EventCountry "CAN"]

1. d4 Nf6 2. c4 g6 3. Nc3 d5 4. Nf3 Bg7 5. Bg5 O-O 6. e3 c6 7. Bd3 Nbd7 8. Qe2 Re8 9. O-O e5 10. Nxe5 Nxe5 11. dxe5 Rxe5 12. Bxf6 Bxf6 13. cxd5 cxd5 14. Rac1 d4 15. Ne4 Bf5 16. Nxf6+ Qxf6 17. Bxf5 Qxf5 18. Rcd1 Rae8 19. h3 dxe3 20. fxe3 Qe6 21. Rf3 Qxa2 22. Rd7 Rxe3 23. Rxe3 Rxe3 24. Qxe3 Qb1+ 25. Kh2 Qf5 26. Rd8+ Kg7 27. Qd4+ Kh6 28. Rg8 a5 29. Qh4+ 1-0

[Event "CAN-op"]
[Site "Edmonton CAN"]
[Date "2000.07.13"]
[Round "7"]
[White "Rock, Dawn"]
[Black "Sekuloff, Mike"]
[Result "1-0"]
[WhiteElo "1302"]
[BlackElo "1725"]
[PlyCount "137"]
[GameId "2160767911694867"]
[EventDate "2000.07.08"]
[EventType "swiss"]
[EventRounds "10"]
[EventCountry "CAN"]

1. e4 e5 2. Nf3 d6 3. Bc4 g6 4. c3 Bg7 5. d4 Bg4 6. Be3 Nf6 7. h3 Bxf3 8. Qxf3 O-O 9. O-O Nc6 10. d5 Ne7 11. Be2 Nd7 12. Nd2 Qe8 13. b3 f5 14. exf5 Rxf5 15. Qg3 Qf7 16. Bg4 Qxd5 17. Bxf5 Nxf5 18. Qf3 Nxe3 19. Qxe3 Nf6 20. Rad1 Qc6 21. c4 Nh5 22. g3 Qd7 23. Kg2 b6 24. Qd3 Nf6 25. Ne4 Rf8 26. Nxf6+ Rxf6 27. b4 Kh8 28. Rd2 Qf7 29. Qd5 Qe7 30. Qa8+ Bf8 31. Qxa7 e4 32. Re2 Bh6 33. Qa8+ Kg7 34. Rxe4 Re6 35. Rfe1 Re5 36. R1e2 Bc1 37. f4 Rxe4 38. Rxe4 Qf6 39. Qe8 Ba3 40. Qe7+ Qxe7 41. Rxe7+ Kf6 42. Rxc7 Bxb4 43. Rxh7 Bc5 44. Rh6 Kg7 45. Rh4 Ba3 46. Kf3 Bb4 47. Ke4 Be1 48. Rg4 Bb4 49. h4 Kf6 50. h5 gxh5 51. Rg5 Be1 52. Rxh5 Bxg3 53. Rh6+ Ke7 54. f5 Be5 55. Kd5 Bg7 56. Rxd6 Bb2 57. Rxb6 Ba3 58. c5 Kd7 59. Rb7+ Kc8 60. Rh7 Bb2 61. c6 Bc3 62. c7 Bb2 63. Kc6 Bg7 64. a4 Bc3 65. a5 Be5 66. a6 Bxc7 67. Rxc7+ Kb8 68. Kb6 Ka8 69. Rc8# 1-0

[Event "CAN-op"]
[Site "Edmonton CAN"]
[Date "2000.07.13"]
[Round "7"]
[White "Sadov, Sergey"]
[Black "Clark, Alan"]
[Result "1-0"]
[WhiteElo "2119"]
[BlackElo "2003"]
[PlyCount "81"]
[GameId "2160767911694869"]
[EventDate "2000.07.08"]
[EventType "swiss"]
[EventRounds "10"]
[EventCountry "CAN"]

1. Nf3 Nf6 2. c4 e6 3. g3 b6 4. Bg2 Bb7 5. O-O c5 6. Nc3 Be7 7. d3 O-O 8. b3 d6 9. Bb2 Nbd7 10. e4 a6 11. Ne1 Ne8 12. a3 Qc7 13. Qe2 Bf6 14. h3 g6 15. Rc1 Bg7 16. f4 e5 17. Nd1 Nef6 18. Bf3 Rad8 19. Ne3 Kh8 20. Qh2 Kg8 21. Bd1 b5 22. Rc2 bxc4 23. bxc4 Bc6 24. Rcf2 Rb8 25. fxe5 dxe5 26. Bc3 Rb1 27. Bc2 Rb7 28. g4 Nb6 29. Bxe5 Qd8 30. Rxf6 Nd7 31. Rxc6 Bxe5 32. Qf2 Qa5 33. Nf3 Bg7 34. g5 Rb2 35. Nd5 Rfb8 36. e5 Qxa3 37. Rc7 Qa2 38. Rxd7 Rxc2 39. Nd2 f6 40. Rxg7+ Kxg7 41. Qxf6+ 1-0

[Event "CAN-op"]
[Site "Edmonton CAN"]
[Date "2000.07.13"]
[Round "7"]
[White "Schulte, Oliver"]
[Black "Rowson, Jonathan"]
[Result "1/2-1/2"]
[WhiteElo "2392"]
[BlackElo "2494"]
[PlyCount "30"]
[GameId "2160767911694870"]
[EventDate "2000.07.08"]
[EventType "swiss"]
[EventRounds "10"]
[EventCountry "CAN"]
[SourceTitle "EXT 2001"]
[Source "ChessBase"]
[SourceDate "2000.11.22"]
[SourceVersion "1"]
[SourceVersionDate "2000.11.22"]
[SourceQuality "1"]

1. e4 c5 2. Nf3 d6 3. d4 Nf6 4. Nc3 cxd4 5. Nxd4 a6 6. Bc4 e6 7. Bb3 b5 8. Bg5 Nbd7 9. O-O Nc5 10. Re1 Bb7 11. Bd5 Qb6 12. Bxf6 gxf6 13. Qh5 O-O-O 14. Bxb7+ Nxb7 15. Rad1 Rd7 1/2-1/2

[Event "CAN-op"]
[Site "Edmonton CAN"]
[Date "2000.07.13"]
[Round "7"]
[White "Sexsmith, Kyle"]
[Black "Dewindt, Cor"]
[Result "1-0"]
[WhiteElo "1566"]
[BlackElo "1573"]
[PlyCount "49"]
[GameId "2160767911694871"]
[EventDate "2000.07.08"]
[EventType "swiss"]
[EventRounds "10"]
[EventCountry "CAN"]

1. d4 f5 2. c4 Nf6 3. Nf3 g6 4. Nc3 Bg7 5. Bf4 d6 6. e3 O-O 7. Bd3 Nbd7 8. h3 b6 9. Qb3 h6 10. Rg1 Kh7 11. O-O-O Re8 12. g4 Nf8 13. gxf5 gxf5 14. e4 fxe4 15. Nxe4 Kh8 16. Nxf6 exf6 17. c5 Be6 18. d5 Bf7 19. Rxg7 Kxg7 20. Rg1+ Kh8 21. Bxh6 Bg6 22. Bxg6 Nxg6 23. Rxg6 Kh7 24. Qd3 Kh8 25. Bg7+ 1-0

[Event "CAN-op"]
[Site "Edmonton CAN"]
[Date "2000.07.13"]
[Round "7"]
[White "Smith, Maurice"]
[Black "McMaster, Carolyn"]
[Result "1-0"]
[WhiteElo "1836"]
[BlackElo "1569"]
[PlyCount "111"]
[GameId "2160767911694873"]
[EventDate "2000.07.08"]
[EventType "swiss"]
[EventRounds "10"]
[EventCountry "CAN"]

1. d4 Nf6 2. c4 g6 3. Nc3 d5 4. Nf3 Bg7 5. e3 c5 6. dxc5 Qa5 7. Qa4+ Qxa4 8. Nxa4 dxc4 9. Bxc4 Bd7 10. Nc3 Nc6 11. a3 Rc8 12. Bd2 O-O 13. b4 Ne4 14. Rc1 Nxd2 15. Kxd2 Rcd8 16. Ke2 Bg4 17. h3 Bxf3+ 18. gxf3 e6 19. f4 Kh8 20. Rc2 Rfe8 21. Ne4 h6 22. Nd6 Re7 23. Rd1 Kh7 24. Rcd2 b6 25. Bb5 Nb8 26. cxb6 axb6 27. Nc4 Rxd2+ 28. Rxd2 Ra7 29. Rd6 Rc7 30. Rxb6 Nd7 31. Bxd7 Rxd7 32. Rd6 Rc7 33. Kd3 Ra7 34. b5 Bf8 35. Ra6 Rd7+ 36. Kc2 g5 37. fxg5 hxg5 38. b6 Rd5 39. Ra5 Rxa5 40. Nxa5 Bxa3 41. Nc6 Kh6 42. b7 Bd6 43. b8=Q Bxb8 44. Nxb8 Kh5 45. Nc6 Kh4 46. Nd8 Kxh3 47. Nxf7 Kg2 48. Nxg5 Kxf2 49. Kd3 Kg3 50. Nxe6 Kg4 51. Ke4 Kh5 52. Kf5 Kh6 53. Nc7 Kg7 54. Ke6 Kg6 55. Kd6 Kf7 56. e4 1-0

[Event "CAN-op"]
[Site "Edmonton CAN"]
[Date "2000.07.13"]
[Round "7"]
[White "Soerensen, Lyndon"]
[Black "Taylor, Ian"]
[Result "0-1"]
[WhiteElo "1742"]
[BlackElo "1304"]
[PlyCount "118"]
[GameId "2160767911694874"]
[EventDate "2000.07.08"]
[EventType "swiss"]
[EventRounds "10"]
[EventCountry "CAN"]

1. d4 Nf6 2. Nf3 e6 3. Bg5 Be7 4. Nc3 Nd5 5. Bd2 Nxc3 6. Bxc3 d5 7. e3 O-O 8. Bd3 b6 9. e4 Ba6 10. e5 Bxd3 11. Qxd3 c5 12. Bd2 Nd7 13. Bf4 Rc8 14. O-O cxd4 15. Nxd4 Bg5 16. Bg3 Nc5 17. Qa3 Rc7 18. f4 Bh4 19. Nb5 Rc8 20. Bxh4 Qxh4 21. Qxa7 Qd8 22. Nd6 Ra8 23. Nb7 Rxa7 24. Nxd8 Rxd8 25. c3 Nd3 26. b3 Rf8 27. g3 Nc5 28. Rfb1 b5 29. Kf1 Rfa8 30. a4 bxa4 31. bxa4 Rxa4 32. Rxa4 Nxa4 33. Rc1 Rc8 34. Ra1 Nxc3 35. Rc1 d4 36. Ke1 f6 37. h4 fxe5 38. fxe5 Rc5 39. Kd2 Rxe5 40. Kd3 Ra5 41. g4 e5 42. Rf1 e4+ 43. Kxd4 Ne2+ 44. Ke3 Ng3 45. Re1 Ra3+ 46. Kf4 Rf3+ 47. Ke5 e3 48. Ke6 e2 49. Ra1 h6 50. g5 Rf1 51. Ra8+ Rf8 52. Ra1 hxg5 53. hxg5 g6 54. Rg1 Rf1 55. Rxg3 e1=Q+ 56. Kd5 Qxg3 57. Kd4 Qxg5 58. Ke4 Rf4+ 59. Ke3 Qg3+ 0-1

[Event "CAN-op"]
[Site "Edmonton CAN"]
[Date "2000.07.13"]
[Round "7"]
[White "Strojevs, Alexander"]
[Black "Deane, Lloyd"]
[Result "0-1"]
[WhiteElo "1904"]
[BlackElo "1582"]
[PlyCount "60"]
[GameId "2160767911694877"]
[EventDate "2000.07.08"]
[EventType "swiss"]
[EventRounds "10"]
[EventCountry "CAN"]

1. d4 Nf6 2. c4 e6 3. Nc3 Bb4 4. e3 c5 5. Qc2 Nc6 6. Nf3 O-O 7. Bd3 d5 8. dxc5 e5 9. Nd2 e4 10. Be2 Re8 11. Nxd5 Nxd5 12. cxd5 Qxd5 13. Bc4 Qg5 14. g3 Nd4 15. exd4 e3 16. Bxf7+ Kxf7 17. Qc4+ Be6 18. Qxb4 exd2+ 19. Bxd2 Bg4+ 20. Kf1 Bh3+ 21. Kg1 Qd5 22. Qb3 Qxb3 23. axb3 Re2 24. Bc3 Rae8 25. Rc1 Ke6 26. Rb1 Kd5 27. Rc1 a6 28. Rb1 Rc2 29. b4 Ree2 30. Rf1 Ke4 0-1

[Event "CAN-op"]
[Site "Edmonton CAN"]
[Date "2000.07.13"]
[Round "7"]
[White "Sullivan, Brian"]
[Black "Tessier, Olivier"]
[Result "1/2-1/2"]
[WhiteElo "1746"]
[BlackElo "2001"]
[PlyCount "116"]
[GameId "2160767911694878"]
[EventDate "2000.07.08"]
[EventType "swiss"]
[EventRounds "10"]
[EventCountry "CAN"]

1. e4 c5 2. Nf3 Nf6 3. Nc3 Nc6 4. Be2 e6 5. d4 cxd4 6. Nxd4 Bb4 7. f3 Qa5 8. Qd3 O-O 9. Bd2 Qc7 10. f4 e5 11. Ndb5 Qa5 12. O-O-O a6 13. Nd6 b5 14. Kb1 Qc7 15. Nxc8 Rfxc8 16. f5 Nd4 17. g4 Ne8 18. g5 Bf8 19. Nd5 Qxc2+ 20. Qxc2 Rxc2 21. Bd3 Rc6 22. Rc1 Nf3 23. Be3 Rac8 24. h4 Rxc1+ 25. Bxc1 Nc7 26. Nb6 Rd8 27. a4 Bc5 28. a5 Bb4 29. Be3 Bxa5 30. Rc1 Ne8 31. Nd5 f6 32. gxf6 Nxf6 33. Nxf6+ gxf6 34. Be2 Bd2 35. Bxf3 Bxe3 36. Rc7 Kf7 37. Bh5+ Ke7 38. Ka1 Rg8 39. Rc2 Rg3 40. Re2 Bd4 41. Ka2 d6 42. Rc2 Kd7 43. Bf7 Bc5 44. Be6+ Ke8 45. b4 Bb6 46. Rc6 Bd8 47. Rxa6 Rg4 48. Bd5 Rxh4 49. Ra7 Rh2+ 50. Kb3 Rh3+ 51. Kc2 Rh2+ 52. Kb3 Rh1 53. Kb2 Bb6 54. Rb7 Bd4+ 55. Kc2 Rh2+ 56. Kd3 Rh3+ 57. Ke2 Rh2+ 58. Kd3 h5 1/2-1/2

[Event "CAN-op"]
[Site "Edmonton CAN"]
[Date "2000.07.13"]
[Round "7"]
[White "Tassone, Adam"]
[Black "Stringer, Lynn"]
[Result "1-0"]
[WhiteElo "1258"]
[BlackElo "1656"]
[PlyCount "55"]
[GameId "2160767911694879"]
[EventDate "2000.07.08"]
[EventType "swiss"]
[EventRounds "10"]
[EventCountry "CAN"]

1. e4 c5 2. Nf3 e6 3. d4 cxd4 4. Nxd4 a6 5. Nc3 Qc7 6. Be3 b5 7. g3 Nf6 8. Bg2 Bb7 9. Qd3 Bb4 10. Bd2 O-O 11. O-O Nc6 12. Rfe1 Bc5 13. Nxc6 Qxc6 14. Be3 d6 15. Rad1 b4 16. Nb1 Nxe4 17. Bxc5 Nxc5 18. Bxc6 Nxd3 19. Bxb7 Nxe1 20. Bxa8 Nxc2 21. Be4 Rc8 22. Rc1 f5 23. Rxc2 Rxc2 24. Bxc2 d5 25. Kf1 g6 26. Ke2 d4 27. f4 Kf7 28. Kd3 1-0